书目信息 |
| 题名: |
吴晗经典作品集
|
|
| 作者: | 吴晗 著 | |
| 分册: | 2 朱元璋传 | |
| 出版信息: | 北京 民主与建设出版社有限责任公司 2021 |
|
| 页数: | 282页 | |
| 开本: | 23cm | |
| 丛书名: | ||
| 单 册: | ||
| 中图分类: | K827=48 , K248.07 | |
| 科图分类: | ||
| 主题词: | 中国--历史 | |
| 电子资源: | ||
| ISBN: | 978-7-5139-3288-2 | |
| 000 | 00785nam0 2200253 450 | |
| 001 | 2365482854 | |
| 005 | 20231016181203.29 | |
| 010 | @a978-7-5139-3288-2@dCNY39.60 | |
| 100 | @a20211013d2021 em y0chiy50 ea | |
| 101 | 0 | @achi |
| 102 | @aCN@b110000 | |
| 105 | @ay z 000yb | |
| 200 | 1 | @a吴晗经典作品集@AWu Han Jing Dian Zuo Pin Ji@h2@i朱元璋传@f吴晗著 |
| 210 | @a北京@c民主与建设出版社有限责任公司@d2021 | |
| 215 | @a282页@d23cm | |
| 330 | @a本书收录了《小流氓》、《红军大帅》、《从吴国公到吴王》等文章。 | |
| 517 | 1 | @a朱元璋传@AZhu Yuan Zhang Chuan |
| 600 | 0 | @a朱元璋@x传记 |
| 606 | 0 | @a中国@x历史 |
| 690 | @aK827=48@v5 | |
| 690 | @aK248.07@v4 | |
| 701 | 0 | @a吴晗@Awu han@4著 |
| 801 | 0 | @aCN@b大连网信软件有限公司图书馆·11@c20231016 |
| 905 | @aZUCC@dK248.07@e88:2 | |
| 吴晗经典作品集.2.朱元璋传/吴晗著.-北京:民主与建设出版社有限责任公司,2021 |
| 282页;23cm |
| ISBN 978-7-5139-3288-2:CNY39.60 |
| 本书收录了《小流氓》、《红军大帅》、《从吴国公到吴王》等文章。 |
| ● |
| 相关链接 |
|
|
|
正题名:吴晗经典作品集
索取号:K248.07/88:2
 
预约/预借
| 序号 | 登录号 | 条形码 | 馆藏地/架位号 | 状态 | 备注 |
| 1 | 2001025959 | 2001025959 | 315书库/四33架B面1层1列/ [索取号:K248.07/88:2] | 在馆 | |
| 2 | 2001025960 | 2001025960 | 315书库/四33架B面1层1列/ [索取号:K248.07/88:2] | 在馆 | |
| 3 | 2001025961 | 2001025961 | 315书库/四33架B面1层1列/ [索取号:K248.07/88:2] | 在馆 | |
| 4 | 2001025962 | 2001025962 | 315书库/四33架B面1层1列/ [索取号:K248.07/88:2] | 在馆 | |
| 5 | 2001025963 | 2001025963 | 315书库/四33架B面1层1列/ [索取号:K248.07/88:2] | 在馆 | |
| 6 | 2001025964 | 2001025964 | 315书库/四33架B面1层1列/ [索取号:K248.07/88:2] | 在馆 |